000 00578cam a22002291 4500
001 ne 63000368
003 DLC
005 20260227111742.0
008 881024s1961 xx 000 0 arar
010 _ane 63000368
035 _a(OCoLC)23521969
040 _aDLC
_cMiU
_dDLC
042 _apremarc
050 0 0 _aHN29
_b.I8 1961
100 1 _aʻĪsá, Muḥammad Ṭalʻat.
245 1 3 _aal-Baḥth al-ijtimāʻī.
260 _a[n. p.]
_c[1961.]
300 _a321 p.
_c24 cm.
500 _aRomanized.
650 0 _aSocial surveys
650 0 _aSocial sciences
_xResearch
999 _c45599
_d45599